Kabale University Library Catalogue

A lunatic sanity : (Record no. 6210)

MARC details
000 -LEADER
fixed length control field 00540nam a22001697a 4500
005 - DATE AND TIME OF LATEST TRANSACTION
control field 20260410192408.0
008 - FIXED-LENGTH DATA ELEMENTS--GENERAL INFORMATION
fixed length control field 260410b |||||||| |||| 00| 0 eng d
020 ## - INTERNATIONAL STANDARD BOOK NUMBER
International Standard Book Number 9789970480203
040 ## - CATALOGING SOURCE
Original cataloging agency KABLIB
Transcribing agency KABLIB
Description conventions rda
082 ## - DEWEY DECIMAL CLASSIFICATION NUMBER
Edition number 23
Classification number 821.93
Item number LUN
245 ## - TITLE STATEMENT
Title A lunatic sanity :
Remainder of title a poetry anthology /
Statement of responsibility, etc. forwarded by Austin Bukenya.
260 ## - PUBLICATION, DISTRIBUTION, ETC.
Place of publication, distribution, etc. Kampala :
Name of publisher, distributor, etc. FEMRITE - Uganda Women Writters Association,
Date of publication, distribution, etc. c2025
300 ## - PHYSICAL DESCRIPTION
Extent xviii, 136 p. :
Other physical details col. ill. ;
Dimensions 20 cm.
650 ## - SUBJECT ADDED ENTRY--TOPICAL TERM
Topical term or geographic name entry element Poetry
700 ## - ADDED ENTRY--PERSONAL NAME
Personal name Bukenya, Austin
9 (RLIN) 15798
942 ## - ADDED ENTRY ELEMENTS (KOHA)
Source of classification or shelving scheme Dewey Decimal Classification
Koha item type Book
Holdings
Withdrawn status Lost status Source of classification or shelving scheme Damaged status Not for loan Home library Current library Shelving location Date acquired Source of acquisition Total Checkouts Full call number Barcode Date last seen Price effective from Koha item type
    Dewey Decimal Classification     Education Library Education Library Open Access Section 10.04.2026 Donation   821.93 LUN 14825 10.04.2026 10.04.2026 Book
    Dewey Decimal Classification     Education Library Education Library Open Access Section 10.04.2026 Donation   821.93 LUN 14826 10.04.2026 10.04.2026 Book
    Dewey Decimal Classification     Education Library Education Library Open Access Section 10.04.2026 Donation   821.93 LUN 14827 10.04.2026 10.04.2026 Book
    Dewey Decimal Classification     Education Library Education Library Open Access Section 10.04.2026 Donation   821.93 LUN 14828 10.04.2026 10.04.2026 Book
    Dewey Decimal Classification     Education Library Education Library Open Access Section 10.04.2026 Donation   821.93 LUN 14829 10.04.2026 10.04.2026 Book
    Dewey Decimal Classification     Education Library Education Library Open Access Section 10.04.2026 Donation   821.93 LUN 14830 10.04.2026 10.04.2026 Book
    Dewey Decimal Classification     Education Library Education Library Open Access Section 10.04.2026 Donation   821.93 LUN 14831 10.04.2026 10.04.2026 Book
    Dewey Decimal Classification     Education Library Education Library Open Access Section 10.04.2026 Donation   821.93 LUN 14832 10.04.2026 10.04.2026 Book
    Dewey Decimal Classification     Education Library Education Library Open Access Section 10.04.2026 Donation   821.93 LUN 14833 10.04.2026 10.04.2026 Book
    Dewey Decimal Classification     Education Library Education Library Open Access Section 10.04.2026 Donation   821.93 LUN 14834 10.04.2026 10.04.2026 Book
    Dewey Decimal Classification     Education Library Education Library Open Access Section 10.04.2026 Donation   821.93 LUN 14835 10.04.2026 10.04.2026 Book

Kabale University Library | Kabale University P.O Box 317, Kabale, Uganda
Tel : +256754017033, +256774661503 E-mail : library@kab.ac.ug